000 00421nam a2200181Ia 4500
001 1791
005 20260306143754.0
008 260306t2010||||xx |||||||||||||| ||spa||
041 _aESP
082 _a155.4
_bO637
100 _aOGrady, William
_eAUT
245 0 _aCómo aprenden los niños el lenguaje
260 _c2010
300 _a238páginas :
_c
650 _aGEN
654 _aCPS
942 _cLIB
_dJUS
_fJUS
_2ddc
_n
999 _c1791
_d1791